Netflix Original Series by Cast - Statistics

General Stats
  • This quiz has been taken 319 times
    295 since last reset
  • The average score is 5 of 34
Answer Stats
Hint Answer % Correct
Winona Ryder, David Harbour, Millie Bobby Brown Stranger Things
96%
Dylan Minnette, Katherine Langford, Christian Navarro 13 Reasons Why
38%
Taylor Schilling, Laura Prepon, Uzo Aduba Orange is the New Black
32%
Kevin Spacey, Robin Wright, Michael Kelly House of Cards
29%
Claire Foy, Matt Smith, John Lithgow The Crown
23%
Wagner Moura, Boyd Holbrook, Pedro Pascal Narcos
21%
Charlie Cox, Deborah Ann Woll, Vincent D'Onofrio Daredevil
20%
Krysten Ritter, David Tennant, Rachel Taylor Jessica Jones
18%
Candace Cameron-Bure, Jodie Sweetin, Andrea Barber Fuller House
16%
Jason Bateman, Laura Linney, Julia Garner Ozark
16%
Jason Bateman, Will Arnett, Michael Cera Arrested Development
15%
Mike Coulter, Mahershala Ali, Simone Missick Luke Cage
15%
Drew Barrymore, Timothy Olyphant, Liv Hewson Santa Clarita Diet
15%
Ellie Kemper, Tituss Burgess, Jane Krakowski Unbreakable Kimmy Schmidt
15%
Bryce Dallas Howard, Hayley Atwell, John Hamm Black Mirror
12%
Jon Bernthal, Ebon Moss-Bachrach, Ben Barnes The Punisher
12%
Neil Patrick Harris, Malina Weissman, Patrick Warburton A Series of Unfortunate Events
11%
Will Arnett, Aaron Paul, Alison Brie BoJack Horseman
11%
Finn Jones, Jessica Henwick, Tom Pelphrey Iron Fist
11%
Jonathan Groff, Holt McCallany, Anna Torv Mindhunter
10%
Keir Gilchrist, Jennifer Jason Leigh, Brigette Lundy-Paine Atypical
9%
Louis Hofmann, Oliver Masucci, Lisa Vicari Dark
9%
Aziz Ansari, Noël Wells, Eric Wareheim Master of None
9%
Doona Bae, Miguel Ángel Silvestre, Max Riemelt Sense8
9%
Brit Marling, Jason Isaacs, Emory Cohen The OA
7%
Alison Brie, Betty Gilpin, Marc Maron GLOW
6%
Kyle Chandler, Ben Mendelsohn, Linda Cardellini Bloodline
5%
Lorenzo Richelmy, Benedict Wong, Olivia Cheng Marco Polo
5%
Bianca Comparato, João Miguel, Rodolfo Valente 3%
4%
Joel Kinnaman, Martha Higareda, Dichen Lachman Altered Carbon
3%
Gillian Jacobs, Paul Rust, Briga Heelan Love
3%
Justice Smith, Shameik Moore, Herizen F. Guardiola The Get Down
3%
Bill Burr, Laura Dern, Justin Long F Is for Family
2%
Jack O'Connell, Jeff Daniels, Michelle Dockery Godless
2%
No matching quizzes found
Score Distribution
Percent of People with Each Score
Percentile by Number Answered
Your Score History
You have not taken this quiz since the last reset